[Event "RUS-ch Boys U21 2021"]
[Site "Loo"]
[Date "2021.04.29"]
[Round "9.6"]
[White "Obgolts, Erik"]
[Black "Makovich, Andrey"]
[Result "1-0"]
[WhiteElo "2414"]
[BlackElo "2171"]
[Annotator "NA"]
[PlyCount "115"]
[EventDate "2021.04.21"]
[EventType "swiss"]
[EventCountry "RUS"]
[SourceTitle "playchess.com"]
[Source "ChessBase"]
[SourceQuality "1"]
[TimeControl "40/5400+30:1800+30"]

1. e4 {[%emt 0:00:00]} c5 {[%emt 0:00:00]} 2. Nf3 {[%emt 0:00:00]} a6 {[%emt 0:00:26]} 3. d4 {[%emt 0:01:02]} cxd4 {[%emt 0:00:14]} 4. Nxd4 {[%emt 0:00:04]} Nf6 {[%emt 0:00:07]} 5. Nc3 {[%emt 0:01:12]} e5 {[%emt 0:00:03]} 6. Nf3 {[%emt 0:04:59]} Bb4 {[%emt 0:00:06]} 7. Bd2 {[%emt 0:04:40]} d6 {[%emt 0:00:10]} 8. Bd3 {[%emt 0:00:26]} O-O {[%emt 0:05:42]} 9. O-O {[%emt 0:01:09]} Nbd7 {[%emt 0:02:47]} 10. a3 {[%emt 0:01:25]} Bxc3 {[%emt 0:00:11]} 11. Bxc3 {[%emt 0:00:05]} Nc5 {[%emt 0:00:03]} 12. Qe1 {[%emt 0:02:10]} b5 {[%emt 0:09:45]} 13. b4 {[%emt 0:01:53]} Na4 {[%emt 0:04:28]} 14. Bd2 {[%emt 0:02:28]} Bb7 {[%emt 0:03:11]} 15. Bg5 {[%emt 0:07:03]} Rc8 {[%emt 0:08:02]} 16. Qd2 {[%emt 0:02:31]} h6 {[%emt 0:01:40]} 17. Bh4 {[%emt 0:01:02]} Qe7 {[%emt 0:00:23]} 18. Rae1 {[%emt 0:02:29]} Qe6 {[%emt 0:02:31]} 19. h3 {[%emt 0:07:30]} Nh5 {[%emt 0:13:10]} 20. Bg3 {[%emt 0:01:37]} Nb2 {[%emt 0:17:04]} 21. Nh4 {[%emt 0:04:56]} Nxg3 {[%emt 0:02:17]} 22. fxg3 {[%emt 0:00:04]} d5 {[%emt 0:00:09]} 23. exd5 {[%emt 0:05:25]} Qxd5 {[%emt 0:01:06]} 24. Nf5 {[%emt 0:01:14]} Rfe8 {[%emt 0:01:05]} 25. Re4 {[%emt 0:06:19]} Rc6 {[%emt 0:05:23]} 26. Rg4 {[%emt 0:04:28]} Rg6 {[%emt 0:00:18]} 27. Ne3 {[%emt 0:00:43]} Qd8 {[%emt 0:00:51]} 28. Qf2 {[%emt 0:02:45]} Rxg4 {[%emt 0:03:59]} 29. Qxf7+ {[%emt 0:00:27]} Kh8 {[%emt 0:00:02]} 30. Nxg4 {[%emt 0:00:41]} Bd5 {[%emt 0:01:11]} 31. Qg6 {[%emt 0:02:36]} Nxd3 {[%emt 0:00:20]} 32. cxd3 {[%emt 0:00:26]} Bg8 {[%emt 0:00:31]} 33. Nxh6 {[%emt 0:03:13]} Bh7 {[%emt 0:01:23]} 34. Nf7+ {[%emt 0:00:18]} Kg8 {[%emt 0:00:01]} 35. Qh5 {[%emt 0:04:43]} Qb6+ {[%emt 0:03:14]} 36. Kh2 {[%emt 0:00:12]} Qg6 {[%emt 0:02:36]} 37. Qf3 {[%emt 0:04:07]} Qxd3 {[%emt 0:01:56]} 38. Nxe5 {[%emt 0:01:22]} Qxf3 {[%emt 0:00:05]} 39. Nxf3 {[%emt 0:00:03]} Re3 {[%emt 0:00:31]} 40. Ra1 {[%emt 0:00:00]} Rb3 {[%emt 0:00:00]} 41. g4 {[%emt 0:07:22]} Bd3 {[%emt 0:10:43]} 42. Kg3 {[%emt 0:00:54]} Kf7 {[%emt 0:02:50]} 43. Kf4 {[%emt 0:00:17]} Bc4 {[%emt 0:03:19]} 44. h4 {[%emt 0:00:32]} Rb2 {[%emt 0:02:37]} 45. Kg3 {[%emt 0:00:29]} Rb3 {[%emt 0:03:59]} 46. g5 {[%emt 0:04:16]} Bd5 {[%emt 0:07:22]} 47. h5 {[%emt 0:00:47]} Ke6 {[%emt 0:01:09]} 48. Kf4 {[%emt 0:00:09]} Kf7 {[%emt 0:00:32]} 49. Nd4 {[%emt 0:03:56]} Rd3 {[%emt 0:00:38]} 50. Ke5 {[%emt 0:02:10]} Bxg2 {[%emt 0:00:12]} 51. g6+ {[%emt 0:00:03]} Ke7 {[%emt 0:01:45]} 52. Nf5+ {[%emt 0:00:05]} Kf8 {[%emt 0:00:04]} 53. h6 {[%emt 0:00:54]} gxh6 {[%emt 0:00:28]} 54. Kf6 {[%emt 0:03:30]} Ke8 {[%emt 0:01:05]} 55. Re1+ {[%emt 0:00:36]} Kd7 {[%emt 0:00:25]} 56. Re5 {[%emt 0:00:31]} Bd5 {[%emt 0:02:37]} 57. Rxd5+ {[%emt 0:00:10]} Rxd5 {[%emt 0:00:04]} 58. g7 {[%emt 0:00:04]} 1-0

[Event "RUS-ch Boys U21 2021"]
[Site "Loo"]
[Date "2021.04.29"]
[Round "9.7"]
[White "Stukan, Martin"]
[Black "Zhafyarov, Adel"]
[Result "1-0"]
[WhiteElo "2390"]
[BlackElo "2252"]
[Annotator "NA"]
[PlyCount "107"]
[EventDate "2021.04.21"]
[EventType "swiss"]
[EventCountry "RUS"]
[SourceTitle "playchess.com"]
[Source "ChessBase"]
[SourceQuality "1"]
[TimeControl "40/5400+30:1800+30"]

1. c4 {[%emt 0:00:00]} Nf6 {[%emt 0:03:13]} 2. Nf3 {[%emt 0:00:00]} e6 {[%emt 0:01:57]} 3. g3 {[%emt 0:00:00]} d5 {[%emt 0:00:05]} 4. Bg2 {[%emt 0:00:00]} Be7 {[%emt 0:00:09]} 5. O-O {[%emt 0:00:10]} O-O {[%emt 0:00:11]} 6. d4 {[%emt 0:00:04]} b6 {[%emt 0:00:27]} 7. cxd5 {[%emt 0:00:54]} exd5 {[%emt 0:00:14]} 8. Nc3 {[%emt 0:00:04]} Bb7 {[%emt 0:00:54]} 9. Bf4 {[%emt 0:03:52]} c5 {[%emt 0:12:17]} 10. Ne5 {[%emt 0:16:25]} Nbd7 {[%emt 0:18:29]} 11. Qa4 {[%emt 0:09:47]} cxd4 {[%emt 0:04:27]} 12. Nxd7 {[%emt 0:01:26]} Qxd7 {[%emt 0:01:07]} 13. Qxd7 {[%emt 0:07:57]} Nxd7 {[%emt 0:00:51]} 14. Nxd5 {[%emt 0:01:53]} Bxd5 {[%emt 0:00:46]} 15. Bxd5 {[%emt 0:00:04]} Rac8 {[%emt 0:00:10]} 16. Rac1 {[%emt 0:06:01]} Nc5 {[%emt 0:18:13]} 17. Rc4 {[%emt 0:10:55]} Bf6 {[%emt 0:07:15]} 18. b3 {[%emt 0:03:38]} Rfe8 {[%emt 0:06:25]} 19. Bf3 {[%emt 0:01:30]} d3 {[%emt 0:03:16]} 20. e3 {[%emt 0:03:22]} b5 {[%emt 0:02:39]} 21. Rcc1 {[%emt 0:00:01]} Bb2 {[%emt 0:00:54]} 22. Rb1 {[%emt 0:09:11]} Bc3 {[%emt 0:00:17]} 23. Bd5 {[%emt 0:03:43]} d2 {[%emt 0:02:56]} 24. Rfd1 {[%emt 0:05:44]} Nd3 {[%emt 0:00:40]} 25. Bb7 {[%emt 0:00:16]} Rc5 {[%emt 0:05:36]} 26. b4 {[%emt 0:05:41]} Rc4 {[%emt 0:01:06]} 27. Ba6 {[%emt 0:01:00]} Rxb4 {[%emt 0:04:05]} 28. Rxb4 {[%emt 0:00:11]} Bxb4 {[%emt 0:00:29]} 29. Bxb5 {[%emt 0:00:05]} Rd8 {[%emt 0:00:50]} 30. Bxd3 {[%emt 0:00:08]} Rxd3 {[%emt 0:00:02]} 31. e4 {[%emt 0:00:04]} Ra3 {[%emt 0:00:31]} 32. Bxd2 {[%emt 0:00:34]} Rd3 {[%emt 0:00:05]} 33. Rb1 {[%emt 0:00:03]} Rxd2 {[%emt 0:02:24]} 34. Rxb4 {[%emt 0:00:03]} g6 {[%emt 0:00:03]} 35. Ra4 {[%emt 0:00:07]} Rd7 {[%emt 0:00:01]} 36. Kg2 {[%emt 0:00:14]} Rb7 {[%emt 0:00:37]} 37. g4 {[%emt 0:01:27]} Kg7 {[%emt 0:00:38]} 38. h4 {[%emt 0:00:22]} Kf6 {[%emt 0:00:45]} 39. Kf3 {[%emt 0:00:20]} Rc7 {[%emt 0:00:35]} 40. Kf4 {[%emt 0:00:00]} Re7 {[%emt 0:00:00]} 41. Ra6+ {[%emt 0:00:17]} Kg7 {[%emt 0:03:02]} 42. f3 {[%emt 0:00:21]} Kg8 {[%emt 0:01:25]} 43. Ra5 {[%emt 0:00:18]} Kg7 {[%emt 0:00:06]} 44. Ke3 {[%emt 0:00:10]} Rd7 {[%emt 0:00:10]} 45. Ra6 {[%emt 0:02:09]} Kf8 {[%emt 0:01:59]} 46. f4 {[%emt 0:00:36]} Rd1 {[%emt 0:09:50]} 47. Rxa7 {[%emt 0:00:18]} Rh1 {[%emt 0:00:05]} 48. f5 {[%emt 0:05:56]} gxf5 {[%emt 0:04:04]} 49. gxf5 {[%emt 0:01:24]} Rxh4 {[%emt 0:00:56]} 50. f6 {[%emt 0:00:53]} Ke8 {[%emt 0:00:01]} 51. a4 {[%emt 0:03:22]} Rh6 {[%emt 0:00:34]} 52. e5 {[%emt 0:01:19]} Rh1 {[%emt 0:02:01]} 53. a5 {[%emt 0:00:47]} Re1+ {[%emt 0:02:06]} 54. Kf4 {[%emt 0:00:06]} 1-0

[Event "RUS-ch Boys U21 2021"]
[Site "Loo"]
[Date "2021.04.29"]
[Round "9.8"]
[White "Makoveev, Ilya"]
[Black "Babanin, Gleb"]
[Result "1-0"]
[WhiteElo "2315"]
[BlackElo "2123"]
[Annotator "NA"]
[PlyCount "55"]
[EventDate "2021.04.21"]
[EventType "swiss"]
[EventCountry "RUS"]
[SourceTitle "playchess.com"]
[Source "ChessBase"]
[SourceQuality "1"]
[TimeControl "40/5400+30:1800+30"]

1. e4 {[%emt 0:00:00]} e5 {[%emt 0:00:00]} 2. Nf3 {[%emt 0:00:00]} Nc6 {[%emt 0:00:00]} 3. Bb5 {[%emt 0:00:05]} Nf6 {[%emt 0:00:00]} 4. O-O {[%emt 0:02:31]} Nxe4 {[%emt 0:00:00]} 5. Re1 {[%emt 0:00:39]} Nd6 {[%emt 0:00:00]} 6. Nxe5 {[%emt 0:00:07]} Be7 {[%emt 0:00:06]} 7. Bd3 {[%emt 0:00:28]} O-O {[%emt 0:06:57]} 8. Nc3 {[%emt 0:02:43]} Nxe5 {[%emt 0:04:44]} 9. Rxe5 {[%emt 0:00:08]} Bf6 {[%emt 0:00:18]} 10. Re3 {[%emt 0:00:39]} g6 {[%emt 0:01:33]} 11. Qf3 {[%emt 0:01:39]} Ne8 {[%emt 0:05:07]} 12. b3 {[%emt 0:18:16]} d5 {[%emt 0:06:29]} 13. Ba3 {[%emt 0:05:49]} d4 {[%emt 0:00:15]} 14. Bxf8 {[%emt 0:01:00]} dxe3 {[%emt 0:00:39]} 15. Bh6 {[%emt 0:00:43]} exf2+ {[%emt 0:04:27]} 16. Qxf2 {[%emt 0:00:34]} Ng7 {[%emt 0:02:08]} 17. Kh1 {[%emt 0:12:07]} Nf5 {[%emt 0:06:55]} 18. Bf4 {[%emt 0:01:28]} Be6 {[%emt 0:06:21]} 19. Rf1 {[%emt 0:02:32]} b6 {[%emt 0:13:58]} 20. Nb5 {[%emt 0:04:47]} c5 {[%emt 0:17:24]} 21. Nc7 {[%emt 0:03:33]} Bd7 {[%emt 0:00:04]} 22. Nxa8 {[%emt 0:02:28]} Qxa8 {[%emt 0:00:03]} 23. c3 {[%emt 0:04:12]} Qd5 {[%emt 0:04:13]} 24. Qf3 {[%emt 0:01:50]} Qxf3 {[%emt 0:02:20]} 25. Rxf3 {[%emt 0:00:18]} b5 {[%emt 0:01:15]} 26. Be4 {[%emt 0:03:46]} Be6 {[%emt 0:03:51]} 27. Bb8 {[%emt 0:00:40]} a5 {[%emt 0:00:14]} 28. g4 {[%emt 0:00:34]} 1-0

[Event "RUS-ch Boys U21 2021"]
[Site "Loo"]
[Date "2021.04.29"]
[Round "9.9"]
[White "Koliev, Irlan"]
[Black "Makarian, Rudik"]
[Result "0-1"]
[WhiteElo "2023"]
[BlackElo "2468"]
[Annotator "ChessBase"]
[PlyCount "74"]
[EventDate "2021.04.21"]
[EventType "swiss"]
[EventCountry "RUS"]
[SourceTitle "playchess.com"]
[Source "ChessBase"]
[SourceQuality "1"]
[TimeControl "40/5400+30:1800+30"]

1. Nf3 {[%emt 0:00:00]} Nf6 {[%emt 0:00:00]} 2. d4 {[%emt 0:00:00]} e6 {[%emt 0:00:00]} 3. c4 {[%emt 0:00:00]} c5 {[%emt 0:00:00]} 4. d5 {[%emt 0:00:00]} d6 {[%emt 0:00:00]} 5. Nc3 {[%emt 0:00:00]} exd5 {[%emt 0:00:00]} 6. cxd5 {[%emt 0:00:01]} g6 {[%emt 0:00:00]} 7. e4 {[%emt 0:01:03]} Bg7 {[%emt 0:00:06]} 8. Be2 {[%emt 0:00:07]} O-O {[%emt 0:00:22]} 9. O-O {[%emt 0:00:05]} Na6 {[%emt 0:01:49]} 10. Nd2 {[%emt 0:02:15]} Rb8 {[%emt 0:00:26]} 11. a4 {[%emt 0:00:59]} Nb4 {[%emt 0:00:14]} 12. Nc4 {[%emt 0:02:30]} Ne8 {[%emt 0:06:11]} 13. f4 {[%emt 0:07:10]} b6 {[%emt 0:01:21]} 14. Be3 {[%emt 0:01:50]} Ba6 {[%emt 0:02:23]} 15. Nb5 {[%emt 0:00:08]} Bxb5 {[%emt 0:00:37]} 16. axb5 {[%emt 0:00:06]} Nc7 {[%emt 0:00:03]} 17. Bf3 {[%emt 0:11:34]} Nxb5 {[%emt 0:00:46]} 18. e5 {[%emt 0:00:09]} Re8 {[%emt 0:04:44]} 19. Bf2 {[%emt 0:04:07]} Rb7 {[%emt 0:10:31]} 20. Re1 {[%emt 0:01:43]} Rd7 {[%emt 0:10:10]} 21. Qa4 {[%emt 0:07:54]} a6 {[%emt 0:00:54]} 22. Nxb6 {[%emt 0:00:15]} Qxb6 {[%emt 0:05:11]} 23. Qxb4 {[%emt 0:00:04]} Qb8 {[%emt 0:02:34]} 24. Qc4 {[%emt 0:05:27]} dxe5 {[%emt 0:00:23]} 25. Rxa6 {[%emt 0:00:37]} Nd4 {[%emt 0:01:46]} 26. Bd1 {[%emt 0:03:35]} Rb7 {[%emt 0:11:42]} 27. Ba4 {[%emt 0:10:30]} Rb4 {[%emt 0:01:35]} 28. Qxc5 {[%emt 0:00:08]} Rc8 {[%emt 0:00:16]} 29. Bxd4 {[%emt 0:06:14]} Rxd4 {[%emt 0:06:56]} 30. Rb6 {[%emt 0:03:48]} Qa8 {[%emt 0:00:15]} 31. Bc6 {[%emt 0:01:11]} Qa7 {[%emt 0:00:30]} 32. fxe5 {[%emt 0:02:19]} Rxd5 {[%emt 0:00:21]} 33. Qf2 {[%emt 0:01:05]} Rd2 {[%emt 0:00:19]} 34. Qe3 {[%emt 0:03:32]} Bh6 {[%emt 0:00:12]} 35. Qxh6 {[%emt 0:00:50]} Qxb6+ {[%emt 0:00:07]} 36. Kh1 {[%emt 0:00:05]} Qf2 {[%emt 0:01:14]} 37. Ra1 {[%emt 0:00:26]} Re2 {[%emt 0:00:19]} 0-1

[Event "RUS-ch Boys U21 2021"]
[Site "Loo"]
[Date "2021.04.29"]
[Round "9.10"]
[White "Pogosyan, Stefan"]
[Black "Marchenko, Nikolay"]
[Result "1/2-1/2"]
[WhiteElo "2444"]
[BlackElo "2062"]
[Annotator "NA"]
[PlyCount "114"]
[EventDate "2021.04.21"]
[EventType "swiss"]
[EventCountry "RUS"]
[SourceTitle "playchess.com"]
[Source "ChessBase"]
[SourceQuality "1"]
[TimeControl "40/5400+30:1800+30"]

1. c4 {[%emt 0:00:00]} c5 {[%emt 0:00:00]} 2. Nc3 {[%emt 0:00:00]} Nc6 {[%emt 0:00:05]} 3. g3 {[%emt 0:00:00]} g6 {[%emt 0:02:24]} 4. Bg2 {[%emt 0:00:11]} Bg7 {[%emt 0:00:06]} 5. d3 {[%emt 0:00:17]} d6 {[%emt 0:00:34]} 6. Nf3 {[%emt 0:01:43]} e5 {[%emt 0:00:48]} 7. O-O {[%emt 0:00:26]} Nge7 {[%emt 0:00:03]} 8. a3 {[%emt 0:00:39]} a6 {[%emt 0:02:29]} 9. Rb1 {[%emt 0:07:19]} Rb8 {[%emt 0:03:26]} 10. Qa4 {[%emt 0:04:45]} Bd7 {[%emt 0:01:02]} 11. b4 {[%emt 0:00:50]} Nxb4 {[%emt 0:00:50]} 12. Qb3 {[%emt 0:02:16]} Nbc6 {[%emt 0:00:07]} 13. Bd2 {[%emt 0:00:15]} O-O {[%emt 0:00:40]} 14. a4 {[%emt 0:01:08]} Nd4 {[%emt 0:05:43]} 15. Qb6 {[%emt 0:02:08]} Bc6 {[%emt 0:08:53]} 16. Qxd8 {[%emt 0:12:36]} Rfxd8 {[%emt 0:02:18]} 17. Rb2 {[%emt 0:01:01]} Nxf3+ {[%emt 0:06:19]} 18. Bxf3 {[%emt 0:01:40]} Bxf3 {[%emt 0:00:42]} 19. exf3 {[%emt 0:00:09]} d5 {[%emt 0:00:36]} 20. Rfb1 {[%emt 0:18:46]} dxc4 {[%emt 0:01:35]} 21. dxc4 {[%emt 0:00:19]} e4 {[%emt 0:00:09]} 22. Nxe4 {[%emt 0:01:56]} Bxb2 {[%emt 0:00:07]} 23. Rxb2 {[%emt 0:00:04]} Nc6 {[%emt 0:52:11]} 24. Nxc5 {[%emt 0:05:13]} Ne5 {[%emt 0:02:16]} 25. Bc3 {[%emt 0:07:43]} Nxc4 {[%emt 0:02:53]} 26. Rb4 {[%emt 0:00:22]} Nd2 {[%emt 0:00:56]} 27. Kg2 {[%emt 0:01:50]} Rd5 {[%emt 0:02:02]} 28. Nxb7 {[%emt 0:01:29]} Nxf3 {[%emt 0:03:15]} 29. Nc5 {[%emt 0:13:16]} Rxb4 {[%emt 0:00:22]} 30. Bxb4 {[%emt 0:00:04]} a5 {[%emt 0:00:05]} 31. Ne4 {[%emt 0:00:07]} Re5 {[%emt 0:01:31]} 32. Nf6+ {[%emt 0:00:43]} Kg7 {[%emt 0:00:01]} 33. Bc3 {[%emt 0:00:13]} Ne1+ {[%emt 0:00:11]} 34. Kf1 {[%emt 0:00:31]} Kxf6 {[%emt 0:00:16]} 35. f4 {[%emt 0:00:08]} Nd3 {[%emt 0:00:06]} 36. fxe5+ {[%emt 0:00:34]} Ke6 {[%emt 0:00:06]} 37. Ke2 {[%emt 0:01:17]} Nc5 {[%emt 0:00:05]} 38. Bxa5 {[%emt 0:00:50]} Nxa4 {[%emt 0:00:05]} 39. Bc7 {[%emt 0:00:10]} Nc3+ {[%emt 0:03:30]} 40. Kf3 {[%emt 0:00:00]} Nb5 {[%emt 0:00:00]} 41. Bb8 {[%emt 0:02:01]} Kd5 {[%emt 0:02:33]} 42. Kg4 {[%emt 0:06:22]} h6 {[%emt 0:00:07]} 43. h4 h5+ {[%emt 0:04:43]} 44. Kg5 {[%emt 0:00:51]} Ke6 45. Kf4 {[%emt 0:00:42]} Nd4 {[%emt 0:00:30]} 46. Bc7 {[%emt 0:05:49]} Ne2+ {[%emt 0:03:31]} 47. Kf3 {[%emt 0:00:33]} Nc3 {[%emt 0:00:03]} 48. Ba5 {[%emt 0:00:38]} Nd5 {[%emt 0:00:37]} 49. Ke4 {[%emt 0:00:49]} Ne7 50. Kf4 {[%emt 0:02:13]} Nc6 {[%emt 0:01:30]} 51. Bc3 {[%emt 0:00:59]} Nb8 {[%emt 0:01:20]} 52. g4 {[%emt 0:00:29]} hxg4 {[%emt 0:00:05]} 53. Kxg4 {[%emt 0:00:04]} Nd7 {[%emt 0:00:10]} 54. h5 {[%emt 0:01:18]} gxh5+ {[%emt 0:00:10]} 55. Kxh5 {[%emt 0:00:06]} f6 {[%emt 0:00:05]} 56. exf6 {[%emt 0:00:05]} Nxf6+ {[%emt 0:00:02]} 57. Bxf6 {[%emt 0:00:06]} Kxf6 {[%emt 0:00:01]} 1/2-1/2

[Event "RUS-ch Boys U21 2021"]
[Site "Loo"]
[Date "2021.04.29"]
[Round "9.11"]
[White "Shemyakin, Valeriy"]
[Black "Kyshtymov, Daniil"]
[Result "1-0"]
[WhiteElo "2168"]
[BlackElo "2137"]
[Annotator "NA"]
[PlyCount "99"]
[EventDate "2021.04.21"]
[EventType "swiss"]
[EventCountry "RUS"]
[SourceTitle "playchess.com"]
[Source "ChessBase"]
[SourceQuality "1"]
[TimeControl "40/5400+30:1800+30"]

1. Nf3 {[%emt 0:00:00]} Nf6 {[%emt 0:00:00]} 2. g3 {[%emt 0:00:00]} g6 {[%emt 0:00:00]} 3. Bg2 {[%emt 0:00:00]} Bg7 {[%emt 0:00:00]} 4. O-O {[%emt 0:00:00]} O-O {[%emt 0:00:08]} 5. d4 {[%emt 0:00:00]} d6 {[%emt 0:00:31]} 6. c4 {[%emt 0:00:00]} Nc6 {[%emt 0:00:35]} 7. Nc3 {[%emt 0:00:00]} Bg4 {[%emt 0:00:17]} 8. h3 {[%emt 0:01:08]} Bxf3 {[%emt 0:00:17]} 9. Bxf3 {[%emt 0:00:02]} Nd7 {[%emt 0:00:14]} 10. e3 {[%emt 0:08:39]} e5 {[%emt 0:00:19]} 11. d5 {[%emt 0:01:27]} Ne7 {[%emt 0:00:08]} 12. Be2 {[%emt 0:00:35]} f5 {[%emt 0:04:51]} 13. f4 {[%emt 0:01:08]} a6 {[%emt 0:02:04]} 14. Qc2 {[%emt 0:00:39]} Kh8 {[%emt 0:15:41]} 15. a3 {[%emt 0:03:51]} Ng8 {[%emt 0:06:54]} 16. Bf3 {[%emt 0:06:45]} Qf6 {[%emt 0:09:58]} 17. Kh2 {[%emt 0:03:45]} Rae8 {[%emt 0:03:39]} 18. Bd2 {[%emt 0:01:33]} Re7 {[%emt 0:11:08]} 19. Rae1 {[%emt 0:04:32]} Rfe8 {[%emt 0:12:41]} 20. b3 {[%emt 0:14:53]} h5 {[%emt 0:07:43]} 21. Bd1 {[%emt 0:13:40]} h4 {[%emt 0:10:43]} 22. g4 {[%emt 0:01:32]} exf4 {[%emt 0:00:27]} 23. Rxf4 {[%emt 0:01:34]} Bh6 {[%emt 0:08:51]} 24. Rf3 {[%emt 0:01:01]} Ne5 {[%emt 0:00:16]} 25. Rff1 {[%emt 0:00:45]} Nf7 {[%emt 0:04:04]} 26. gxf5 {[%emt 0:01:07]} Qe5+ {[%emt 0:00:55]} 27. Kh1 {[%emt 0:00:02]} Ng5 {[%emt 0:00:26]} 28. Bg4 {[%emt 0:04:01]} Nf6 {[%emt 0:00:26]} 29. Ne2 {[%emt 0:01:11]} Nge4 {[%emt 0:00:29]} 30. Bc1 {[%emt 0:00:52]} Ng3+ {[%emt 0:00:42]} 31. Nxg3 {[%emt 0:00:46]} Qxg3 {[%emt 0:00:09]} 32. Rg1 {[%emt 0:01:57]} Rxe3 {[%emt 0:00:52]} 33. Rxe3 {[%emt 0:04:21]} Qxg1+ {[%emt 0:00:28]} 34. Kxg1 {[%emt 0:00:01]} Bxe3+ {[%emt 0:00:07]} 35. Bxe3 {[%emt 0:00:08]} Rxe3 {[%emt 0:00:04]} 36. fxg6 {[%emt 0:00:27]} Kg7 {[%emt 0:00:07]} 37. Kf2 {[%emt 0:00:42]} Rg3 {[%emt 0:00:38]} 38. Bf5 {[%emt 0:01:19]} Rg5 {[%emt 0:00:35]} 39. b4 {[%emt 0:00:39]} Rg3 {[%emt 0:00:33]} 40. a4 {[%emt 0:00:00]} b6 {[%emt 0:00:00]} 41. a5 {[%emt 0:01:21]} bxa5 {[%emt 0:01:24]} 42. bxa5 {[%emt 0:00:01]} Rg5 {[%emt 0:00:12]} 43. Bc8 {[%emt 0:00:25]} Rg3 {[%emt 0:00:36]} 44. Bg4 {[%emt 0:02:13]} Ra3 {[%emt 0:00:21]} 45. Qb2 {[%emt 0:00:28]} Rxa5 {[%emt 0:00:08]} 46. Bf5 {[%emt 0:00:34]} Ra4 {[%emt 0:01:21]} 47. Bd3 {[%emt 0:00:03]} Ra5 {[%emt 0:00:25]} 48. Kf3 {[%emt 0:00:08]} Rc5 {[%emt 0:00:27]} 49. Kf4 {[%emt 0:00:10]} c6 {[%emt 0:00:13]} 50. Kg5 {[%emt 0:00:12]} 1-0

[Event "RUS-ch Boys U21 2021"]
[Site "Loo"]
[Date "2021.04.29"]
[Round "9.12"]
[White "Shpakov, Vladimir"]
[Black "Sidorov, Dmitry I"]
[Result "0-1"]
[WhiteElo "1871"]
[BlackElo "2139"]
[Annotator "NA"]
[PlyCount "94"]
[EventDate "2021.04.21"]
[EventType "swiss"]
[EventCountry "RUS"]
[SourceTitle "playchess.com"]
[Source "ChessBase"]
[SourceQuality "1"]
[TimeControl "40/5400+30:1800+30"]

1. d4 {[%emt 0:00:00]} Nf6 {[%emt 0:00:00]} 2. c4 {[%emt 0:00:00]} Nc6 {[%emt 0:00:00]} 3. Nc3 {[%emt 0:00:00]} e5 {[%emt 0:00:00]} 4. d5 {[%emt 0:00:01]} Ne7 {[%emt 0:00:00]} 5. e4 {[%emt 0:00:20]} Ng6 {[%emt 0:00:00]} 6. Bd3 {[%emt 0:00:13]} Bc5 {[%emt 0:00:19]} 7. Nge2 {[%emt 0:00:32]} Ng4 {[%emt 0:00:16]} 8. Be3 {[%emt 0:16:39]} Bxe3 {[%emt 0:00:11]} 9. fxe3 {[%emt 0:00:04]} Nxe3 {[%emt 0:00:10]} 10. Qd2 {[%emt 0:00:08]} Nxg2+ {[%emt 0:00:29]} 11. Kd1 {[%emt 0:00:03]} d6 {[%emt 0:00:37]} 12. Kc2 {[%emt 0:00:12]} O-O {[%emt 0:00:49]} 13. Rag1 {[%emt 0:00:20]} N2h4 {[%emt 0:00:20]} 14. Rg3 {[%emt 0:02:09]} f5 {[%emt 0:00:28]} 15. exf5 {[%emt 0:00:52]} Nxf5 {[%emt 0:00:08]} 16. Rf3 {[%emt 0:00:23]} Nf4 {[%emt 0:04:54]} 17. Kc1 {[%emt 0:03:24]} Nxd3+ {[%emt 0:08:36]} 18. Rxd3 {[%emt 0:00:14]} Qh4 {[%emt 0:00:20]} 19. Ng3 {[%emt 0:02:10]} Qxc4 {[%emt 0:02:29]} 20. Nge4 {[%emt 0:04:10]} Nd4 {[%emt 0:03:49]} 21. b3 {[%emt 0:01:49]} Qa6 {[%emt 0:01:02]} 22. Rg3 {[%emt 0:01:38]} Rf1+ {[%emt 0:01:28]} 23. Kb2 {[%emt 0:00:55]} Bf5 {[%emt 0:03:22]} 24. Rxg7+ {[%emt 0:12:20]} Kxg7 {[%emt 0:02:46]} 25. Qg2+ {[%emt 0:00:20]} Kh8 {[%emt 0:03:24]} 26. Rxf1 {[%emt 0:00:08]} Rg8 {[%emt 0:00:15]} 27. Qf2 {[%emt 0:00:30]} Qd3 {[%emt 0:09:58]} 28. Qh4 {[%emt 0:06:03]} Rg2+ {[%emt 0:06:26]} 29. Rf2 {[%emt 0:03:45]} Rxf2+ {[%emt 0:01:39]} 30. Qxf2 {[%emt 0:00:26]} Nf3 {[%emt 0:07:18]} 31. Nf6 {[%emt 0:05:56]} Bg6 {[%emt 0:04:55]} 32. h4 {[%emt 0:01:30]} Kg7 {[%emt 0:00:46]} 33. Ng4 {[%emt 0:00:58]} b5 {[%emt 0:04:46]} 34. Nxb5 {[%emt 0:00:50]} Qb1+ {[%emt 0:08:14]} 35. Ka3 {[%emt 0:01:59]} Qc1+ {[%emt 0:00:06]} 36. Ka4 {[%emt 0:01:48]} Qf4+ {[%emt 0:02:02]} 37. Ka5 {[%emt 0:00:05]} Qxg4 {[%emt 0:00:44]} 38. Qxa7 {[%emt 0:00:09]} Qd7 {[%emt 0:06:40]} 39. Nxc7 {[%emt 0:00:08]} Bf7 {[%emt 0:00:06]} 40. b4 {[%emt 0:00:00]} e4 {[%emt 0:00:00]} 41. b5 {[%emt 0:01:31]} e3 {[%emt 0:16:05]} 42. Qxe3 {[%emt 0:01:57]} Qxc7+ {[%emt 0:00:29]} 43. b6 {[%emt 0:00:05]} Qc4 {[%emt 0:09:37]} 44. b7 {[%emt 0:02:48]} Qc7+ {[%emt 0:01:02]} 45. Qb6 {[%emt 0:00:24]} Qb8 {[%emt 0:01:41]} 46. Qc6 {[%emt 0:00:48]} Ne5 {[%emt 0:02:56]} 47. Qc8 {[%emt 0:01:03]} Bxd5 {[%emt 0:00:25]} 0-1